000
00298nam a22001097a 4500
082
_a
_b
100
_a
Vimal Shankar Nagar
245
_a
Chayavaad kaa dharshanik kharatha avam sahithya niband/
_c
by Vimal Shankar Nagar
260
_a
Muradhabad:
_b
Gharima prakashan,
_c
650
_a
942
_c
BK
999
_c
153041
_d
153041